| 000 | 01335nam a2200337Ia 4500 | ||
|---|---|---|---|
| 001 | ebr10314253 | ||
| 003 | CaPaEBR | ||
| 006 | m u | ||
| 007 | cr cn||||||||| | ||
| 008 | 970805s1998 maua sb 001 0 eng d | ||
| 010 | _z 97033525 | ||
| 020 | _z9780674004221 | ||
| 020 | _z0674259912 (alk. paper) | ||
| 040 |
_aCaPaEBR _cCaPaEBR |
||
| 035 | _a(OCoLC)438155410 | ||
| 050 | 1 | 4 |
_aHB846 _b.R63 1998eb |
| 100 | 1 | _aRoemer, John E. | |
| 245 | 1 | 0 |
_aEquality of opportunity _h[electronic resource] / _cJohn E. Roemer. |
| 260 |
_aCambridge, MA : _bHarvard University Press, _c1998. |
||
| 300 |
_a120 p. : _bill. |
||
| 504 | _aIncludes bibliographical references (p. [116]-117) and index. | ||
| 533 |
_aElectronic reproduction. _bPalo Alto, Calif. : _cebrary, _d2009. _nAvailable via World Wide Web. _nAccess may be limited to ebrary affiliated libraries. |
||
| 650 | 0 |
_aWelfare economics _xMathematical models. |
|
| 650 | 0 |
_aDistributive justice _xMathematical models. |
|
| 650 | 0 |
_aEquality _xMathematical models. |
|
| 650 | 0 |
_aCompetition _xMathematical models. |
|
| 650 | 0 |
_aSocial policy _xMathematical models. |
|
| 655 | 7 |
_aElectronic books. _2local |
|
| 710 | 2 | _aebrary, Inc. | |
| 856 | 4 | 0 |
_uhttp://site.ebrary.com/lib/rucke/Doc?id=10314253 _zAn electronic book accessible through the World Wide Web; click to view |
| 999 |
_c58173 _d58173 |
||